[Geometry Dash] Most Downloaded Extremes - Statistics

General Stats
  • This quiz has been taken 119 times
  • The average score is 52 of 100
Answer Stats
# Creator Level % Correct
1 Riot Bloodbath
98%
3 Knobbelboy Bloodlust
98%
4 Cyclic Sonic Wave
98%
2 Ggb0y Cataclysm
96%
6 IcEDCave Slaughterhouse
93%
12 MindCap LIMBO
91%
11 OniLink Tidal Wave
91%
22 Riot Acheron
89%
7 noobas Sakupen Hell
80%
87 BlackP2sFull Silent Club
80%
99 HidekiX Thinking Space
80%
54 iMist Amethyst
78%
47 BoBoBoBoBoBoBo The Golden
78%
24 BIANOX Zodiac
78%
13 Riot Tartarus
76%
70 BoBoBoBoBoBoBo Avernus
74%
56 MindCap Every End
74%
40 saRy Red World
74%
30 Sailent Silent clubstep
74%
79 CairoX Thinking Space II
74%
18 neigefeu Acu
72%
80 ItzKiba Nullscapes
72%
16 Viprin Artificial Ascent
70%
34 cherryteam KOCMOC
70%
8 GMTSean Phobos
70%
49 APTeam Sonic Wave Infinity
70%
10 Andromeda The Ultimate Phase
70%
25 KrmaL xo
70%
5 Viprin Yatagarasu
70%
21 Muffy450 Sakupen Circles
67%
19 KrmaL Black Blizzard
65%
67 Exen Abyss of Darkness
63%
33 Viprin Digital Descent
63%
77 Narwall Flamewall
63%
27 KrmaL Heartbeat
63%
37 Vortrox Stereo Extremeness
63%
36 JonathanGD Dark Odyssey
61%
29 KrmaL Falling Up
61%
9 Viprin HyperSonic
61%
20 KrmaL Conical Depression
59%
60 Rustam Erebus
59%
14 Riot Red World Rebirth
59%
92 zYuko The Abyss
59%
35 JonathanGD The Lost Existence
57%
28 Dorami The Yandere
57%
63 BIANOX Kenos
54%
17 Viprin SubSonic
54%
39 Exenity aftermath
52%
42 cherryteam Firework
52%
66 KrmaL Low Death
52%
88 maxfs arcturus
50%
32 Knobbelboy Astral Divinity
50%
43 JonathanGD BuTiTi III
50%
26 Presta Congregation
50%
15 TheShadowRealm PanaSonic
50%
31 Manix648 Blade of Justice
48%
61 Serponge Sonic Wave Rebirth
46%
46 SoulsTRK AcropoliX
43%
71 Exenity Athanatos
43%
23 Riot Quantum Processing
43%
64 nikrodox Allegiance
41%
45 Renn241 Eon
41%
83 Viprin Cybernetic Crescent
39%
48 Spectruh Down Bass
39%
59 KrmaL Elite Z Rebirth
39%
69 Pennutoh Freedom08
39%
44 TeamN2 The Hell Factory
39%
75 TROLLM4CHINE TROLLMACHINE
39%
81 Rustam Devil Vortex
37%
85 Stormfly The Hell World
37%
89 Stormfly The Hell Zone
37%
41 TeamN2 A Bizarre Phantasm
35%
55 Lithifusion Killbot
35%
82 Viprin Ouroboros
35%
96 xSmokes Plasma Pulse III
35%
90 Viprin Quaoar
35%
38 thejshadow Throat of the World
35%
76 Zafkiel7 Idols
30%
52 Quiken Pumped Up Kicks
30%
68 f3lixsram 8o X
28%
78 Weoweoteo Betrayal of Fate
28%
58 Rustam Deception Dive
28%
73 ozpectro Fexty
28%
84 Shuri kowareta
28%
65 WOOGI1411 Retention
28%
95 {Redacted} Wasureta
28%
53 Ivashka doradura
26%
50 Noriega Fingerdash v3
26%
72 AZuler4 Hatred
26%
51 o1iv3 The Tower XXII
26%
74 Findexi Carnage Mode
24%
86 Ggb0y Infernal Abyss
22%
57 Lemons WaveBreaker
22%
97 Danzmen EnvY
20%
91 tricipital Labyrinth
20%
94 Zafkiel7 ElectroLux
17%
62 GDgalaxygaming Robot King
17%
93 G4lvatron Terminal Heaven
17%
98 sink 22 Trials of PAIN
13%
100 cherryteam cytokinesis
13%
No matching quizzes found
Score Distribution
Percent of People with Each Score
Percentile by Number Answered
Your Score History
You have not taken this quiz